Statistics for EFL Championship Clubs by Badges

Click here to take the quiz!

General Stats

  • This quiz has been taken 36 times
    (21 since last reset)
  • The average score is 22 of 24

Answer Stats

Answer % Correct
{Sheffield} {Wednesday}
100%
Brentford
100%
{Norwich} City
100%
{Nottingham} {Forest}
100%
{Cardiff} City
100%
Watford
100%
{Blackburn} {Rovers}
100%
{Derby} {County}
100%
{Swansea} City
100%
{Huddersfield} Town
92%
Millwall
92%
Bournemouth
92%
Reading
92%
{Preston} {North} {End}
92%
{Birmingham} City
92%
{Luton} Town
92%
{Stoke} City
92%
Middlesbrough
92%
{Wycombe} {Wanderers}
83%
{Coventry} City
83%
{Bristol} City
83%
{Queens} {Park} {Rangers}
83%
{Rotherham} {United}
75%
Barnsley
67%

Score Distribution

Percentile by Number Answered

Percent of People with Each Score

Your Score History

You have not taken this quiz since the last reset